Characterization of the dominant and rare members of a young hawaiian soil bacterial community with small-subunit ribosomal DNA amplified from DNA fractionated on the basis of its guanine and cytosine composition /

সংরক্ষণ করুন:
গ্রন্থ-পঞ্জীর বিবরন
প্রধান লেখক: Nusslein, Klaus.
অন্যান্য লেখক: Tiedje, James M.
বিন্যাস: প্রবন্ধ
ভাষা:English
বিষয়গুলি:
ট্যাগগুলো: ট্যাগ যুক্ত করুন
কোনো ট্যাগ নেই, প্রথমজন হিসাবে ট্যাগ করুন!
Thư viện lưu trữ: Thư viện Trường Đại học Đà Lạt
LEADER 01087nam a2200313 4500
001 DLU090091392
005 ##20091201
040 # # |a DLU  |b eng 
041 # # |a eng 
044 # # |a us 
100 # # |a Nusslein, Klaus. 
245 # # |a Characterization of the dominant and rare members of a young hawaiian soil bacterial community with small-subunit ribosomal DNA amplified from DNA fractionated on the basis of its guanine and cytosine composition /  |c Klaus Nusslein, James M. Tiedje. 
653 # # |a Bacteria 
653 # # |a Fractionation 
653 # # |a Genetic diversity 
653 # # |a Microbial community  
653 # # |a Nucleotide sequence 
653 # # |a Restriction fragment 
700 # # |a Tiedje, James M. 
773 # # |t Applied and Environmental Microbiology  |g Vol. 64, no. 4 (April 1998), p1283-1289.  
920 # # |a Phòng Tạp chí -- Trung tâm Thông tin - Thư viện Trường Đại học Đà Lạt 
994 # # |a DLU 
900 # # |a True 
911 # # |a Trương Bảo Trâm Anh 
925 # # |a G 
926 # # |a A 
927 # # |a BB 
980 # # |a Thư viện Trường Đại học Đà Lạt